01197nam a22001817a 4500008004100000020001800041050001700059100002800076245009100104260003400195300001800229500003400247505061300281650001700894650003300911650003400944700003700978180711s2004 sp ||||| |||| 00| 0 spa d a9788449315398 aBF724bD6518 aDolto, Francoiseeautor10aLa causa de los adolescentesc / Francoise Dolto; traducción de Rosa María Bassols3 aEspañab : Paidósc, 2004 a294 páginas a(2a. impresión, marzo 2015) aEl concepto de la adolescencia: punto de referencia, puntos de ruptura El sueño de la eterna juventud, mitos y arquetipos La imagen del cuerpo La leyenda de los jóvenes Los héroes y los modelos El discurso sobre el efebo Crecimiento y comportamiento Ritos de paso y proyectos adolescentes Perturbadores de la psiquiatría y psicoanálisis sin palabras Los suicidios de adolescentes: una epidemia ocultada A cada uno su droga: falsos paraísos y pseudogrupos Jaque al fracaso escolar La familia deshecha El nuevo comportamiento amoroso Los derechos y los deberes Cuando los jóvenes tiene la palabra14aADOLESCENCIA14aPSICOLOGÍA DEL ADOLESCENTE14aPSIQUIATRÍA DEL ADOLESCENTE aBassols, Rosa Maríaetraductor